000 00870cam a22002532 4500
001 0000020911
005 20151217154450.0
008 111114s xx 000 0 eng d
020 _a1405873505
040 _aKABU
_cKABU
100 1 _aBradley, A. W.
_@0000177722
245 1 0 _aConstitutional and administrative law /
_cA. W. Bradley, K. D. Ewing.
250 _a15th ed.
260 _aHarlow, England :
_bPearson,
_c2011.
300 _alxxv, 804 p.
650 0 _aConstitutional Law
_zGreat Britain.
_@0000160154
650 0 _aAdministrative law
_zGreat Britain.
_@0000160153
700 1 _aEwing, K. D.
_@0000160357
852 1 _9p5578 KES
852 1 _9p5578 KES
852 1 _9p5578 KES
908 _a111114
950 _@1
999 _c11401
_d11401